000 00489nam a2200181Ia 4500
005 20260429112242.0
008 260429s9999||||xx |||||||||||||| ||und||
020 _a9788177144819
041 _aHindi
082 _a891.433
_bMEG
100 _aमेघा
245 0 _aपील पन्ने /
_cमेघा
250 _a1st ed.
260 _aदिल्ली :
_bप्रकाशन संस्थान,
_c2015.
300 _a248 p.; Hb
650 _aNovel
942 _cTB
999 _c53132
_d53132